Glosa del período de gobierno del C. Gral. e Ing. Pascual Ortíz Rubio (Record no. 65255)
[ view plain ]
| 000 -LEADER | |
|---|---|
| campo de control de longitud fija | 00773nam a2200193 i 4500 |
| 001 - NÚMERO DE CONTROL | |
| campo de control | 65255 |
| 003 - IDENTIFICADOR DE NÚMERO DE CONTROL | |
| campo de control | ES-MaACL |
| 005 - FECHA Y HORA DE LA ÚLTIMA TRANSACCIÓN | |
| campo de control | 20230906165331.0 |
| 007 - CAMPO FIJO DE DESCRIPCIÓN FÍSICA--INFORMACIÓN GENERAL | |
| campo de control de longitud fija | t| |
| 008 - DATOS DE LONGITUD FIJA--INFORMACIÓN GENERAL | |
| campo de control de longitud fija | 040109s1946 mx ||||1| spa d |
| 100 1# - ENTRADA PRINCIPAL--NOMBRE DE PERSONA | |
| Nombre de persona | Franco, Luis G. |
| 9 (RLIN) | 52230 |
| 245 10 - MENCIÓN DEL TÍTULO | |
| Título | Glosa del período de gobierno del C. Gral. e Ing. Pascual Ortíz Rubio |
| Resto del título | : 1930-1932 : Comunicaciones y Obras Públicas en un período inconcluso : notas para la historia / |
| Mención de responsabilidad, etc. | Luis G. Franco. |
| 260 ## - PUBLICACIÓN, DISTRIBUCIÓN, ETC. | |
| Lugar de publicación, distribución, etc. | México : |
| Nombre del editor, distribuidor, etc. | [s.n., |
| Fecha de publicación, distribución, etc. | 1946] ( |
| Fabricante | Manuel León Sánchez, S.C.L.) |
| 300 ## - DESCRIPCIÓN FÍSICA | |
| Extensión | 247 p., 3 lám. : |
| Otras características físicas | il. ; |
| Dimensiones | 23 cm. |
| 490 1# - MENCIÓN DE SERIE | |
| Mención de serie | Ramo de Comunicaciones y Obras Públicas ; |
| Designación de volumen o secuencia | 9 |
| 830 0# - PUNTO DE ACCESO ADICIONAL DE SERIE-TÍTULO UNIFORME | |
| Título uniforme | Ramo de Comunicaciones y Obras Públicas ; |
| Designación de volumen o secuencia | 9 |
| 9 (RLIN) | 230742 |
| 852 ## - LOCALIZACIÓN | |
| Ubicación | ES-MaACL |
| Número de control de estantería | C-4075 |
| Sublocalización o colección | R.23233 |
| Estatus retirado | Estado de pérdida | Estado de daño | No para préstamo | Biblioteca de origen | Biblioteca actual | Ubicación en estantería | Fecha de adquisición | Fuente de adquisición | Total de préstamos | Signatura topográfica completa | Código de barras | Visto por última vez | Precio de reemplazo | Tipo de ítem Koha |
|---|---|---|---|---|---|---|---|---|---|---|---|---|---|---|
| Biblioteca del Ateneo de Madrid | Biblioteca del Ateneo de Madrid | Sala Palomar | 17/01/2008 | C-4075 | 1068367 | 23/02/2023 | 23/02/2023 | Libro impreso |
